Inovačný hub a Regulačný sandbox Národnej banky Slovenska: nástroje na efektívnu komunikáciu a podporu inovácií
Inovační facilitátori sú moderné nástroje na zlepšovanie podpory inovácií na finančnom trhu. Radíme medzi ne rôzne druhy platforiem, ako sú napríklad Inovačné huby, Regulačné sandboxy, digitálne sandbory, AI hackatony, technologické šprinty a mnohé ďalšie. Všetky tieto nástroje majú spoločné aj to,...
Uložené v:
| Hlavný autor: | |
|---|---|
| Médium: | Kapitola |
| Jazyk: | Slovak |
| Predmet: | |
| Tagy: |
Žiadne tagy, Buďte prvý, kto otaguje tento záznam!
|
MARC
| LEADER | 00000naa a2200000 4500 | ||
|---|---|---|---|
| 001 | 0314625 | ||
| 005 | 20260129114731.7 | ||
| 041 | 0 | |a slo | |
| 044 | |a CZ | ||
| 245 | 1 | 0 | |a Inovačný hub a Regulačný sandbox Národnej banky Slovenska: nástroje na efektívnu komunikáciu a podporu inovácií |c Anna Sedliaková |
| 520 | |a Inovační facilitátori sú moderné nástroje na zlepšovanie podpory inovácií na finančnom trhu. Radíme medzi ne rôzne druhy platforiem, ako sú napríklad Inovačné huby, Regulačné sandboxy, digitálne sandbory, AI hackatony, technologické šprinty a mnohé ďalšie. Všetky tieto nástroje majú spoločné aj to, že ich vznik a fungovanie do istej miery iniciuje národná kompetentná autorita, regulátor, resp. dohľadová autorita. | ||
| 610 | 2 | 0 | |a trh finančný |
| 610 | 2 | 0 | |a bankovníctvo |
| 610 | 2 | 0 | |a banky centrálne |
| 610 | 2 | 0 | |a inovácie technologické |
| 610 | 2 | 0 | |a platformy digitálne |
| 610 | 2 | 0 | |a regulácia |
| 610 | 2 | 0 | |a komunikácia |
| 100 | 1 | |a Sedliaková, Anna | |